[Event "GMA, Wijk aan Zee NED"]
[Site "?"]
[Date "2003.??.??"]
[Round "2"]
[White "Van Wely,L"]
[Black "Polgar,Ju"]
[Result "1/2"]
[WhiteElo "2665"]
[BlackElo "2700"]
[PlyCount "126"]
[Annotator "Hathaway"]

1. d4 Nf6 2. c4 e6
{ Among the younger top-flite players (perhaps more from Europe) the more hyper-modern defenses like the King's Indian Defense, Benoni and Benko Gambit aren't seen as often (caveat: Polgar played the KID early-on in her career) . In this event Polgar faced 1. d4 four (4) times and played 2...e6 every time. }
3. Nf3 b6 (3...c5 
{ is more adventurous, but Polgar has never played it, AFAIK }) 4. g3 Ba6 5. Qa4
{ White defends Pc4 and tries to force Black to relinquish the pressure, while incidentally pinning Pd7. 5. b3 is the most common alternative. Defending Pc4 with the queen almost always results in Black challenging Pd4 to show that the absence of Qd1 is significant. }
5...Bb7 6. Bg2 c5 (6...Be7 
{ and ...O-O is probably a perfectly good alternative }) 7. dxc5 Bxc5
{ White has the open d-file, but for the moment Black's bishops are terrific and there are enough open squares to complete her development. }
8. O-O O-O (8...Bc6 $5 
{ Fritz7; pretty much prevents White from considering b2-b4 }) 9. Nc3 (9. b4 $5 Be7 10. Bb2 
{ Fritz7 }) 9...Be7 (9...Qe7 
{ Fritz7; though the queen and Bc5 are arguably awkwardly placed }) 10. Rd1 Na6
{ probably intending ...Na6-c5-e4 to achieve a trade or two, thereby easing the slight cramp in Black's position caused by her not having extended pawns very much (a common problem for Black)  }
11. Bf4 Nc5 12. Qc2 Qc8 $14
{ defending Bc8 and possibly preparing to pressure Pc4 or less likely ...Qc8-c6 to control the center directly or somewhat likely ...Bb7-c6 and ...Qc8-b7. Black's position looks a little awkward, but the minor pieces have good squares and there aren't any severe weaknesses except d6. }
 (12...Nce4 $11 
{ Fritz7 }) 13. Rac1 Nce4
{ She might have considered ...a7-a6, but then Pb6 is just another weakness to guard. }
14. Nd4 Nxc3 (14...Nxf2 15. Kxf2 e5 16. Bxe5 Ng4+ 17. Kg1 Nxe5 18. Bxb7 Qxb7 $14 
{ Fritz7 }) 15. Qxc3 Bxg2 16. Kxg2
{ There was a time when White might aim for such trades in hopes of exploiting a severe weakness at c6 & b7 & a6, but with Pd7 and Qc8 that isn't going to happen in this game. }
16...Qb7+ (16...a6 
{ might be necessary AND defensible }) (16...Nh5 17. Bd2 Nf6 $11 
{ Fritz7 }) 17. Qf3 Ne4
{ Black could trade queens, but then d6 would be very weak and c7 & d7 completely exposed. Instead she keeps Qb7 on the board and guards d6 again, preparing to support Ne4 with ...f7-f5 if needed. }
 (17...Qxf3+ $6 18. Kxf3 a6 19. e4 
{ and all Black's central control is gone so that White can finally advance e2-e4 and cramp Black's few remaining pieces }) 18. Nb5 f5 (18...Qc6 19. Bd6 Nxd6 20. Nxd6 $14) 19. Bd6 Nxd6 (19...Bxd6 20. Nxd6 Nxd6  (20...Qc6 $11 
{ Fritz7 })  21. Rxd6 Qxf3+ 22. Kxf3 
{ can lead to the same kind of problems for Black }) 20. Nxd6 Qxf3+ (20...Qc6 
{ Fritz7 }) (20...Qc7 
{ Fritz7 }) 21. Kxf3 Rab8
{ When Nd6 moves to allow Rd1 to threaten Pd7, Black will have ...Rd8 or ...Rb7. }
 (21...Bxd6 $2 22. Rxd6 Rf7 23. Rcd1 Rd8 24. Rxe6 $16) 22. Rc3 Rfd8 $16 
{ according to Fritz7 }
23. Rcd3 Kf8 24. e4 Bxd6 25. Rxd6 fxe4+ 26. Kxe4 Ke7
{ All secure! A draw is the likely result. White's advantage now is that Ke4 is more advanced and his rooks are a bit more mobile than Black's. In an ending of this sort, a rook's lateral mobility can be very useful. }
27. f4
{ It's important for White to keep the c- and f-files closed to Black's rooks. }
27...Rb7 28. b3 Rc8 $14
{ Fritz7 downgrades his estimate of White's advantage! Moving out of the d-file alignment with White's doubled rooks is good and taking to the half-open file is also very good. With ...Rc8-c7 Black can aim for ...b6-b5 to open a favorable file. }
29. a4 Rc5 (29...Rc6 $14 
{ Fritz7 }) 30. g4 Rbc7 31. R1d3
{ How can White win? Rd3-h3 and Ph7 is the second weakness; though Rd6 is exposed and would have to be pulled back a bit. }
31...h5 32. h3 Rb7
{ probably preparing for ...Rc5-c8-h8 to utilize the (apparently) soon to open h-file }
 (32...g6 
{ Fritz7 }) 33. f5 hxg4 34. hxg4 g6 $6
{ Black is aggressively trying to end the pressure before White can make anything from it. But, offering to trade Pg6 for Pf5 makes Pg4 a passer and that's not good for Black. }
 (34...Rbc7 35. Kf4 R5c6 36. Rxc6 Rxc6 37. Rh3 Rc5 $14 
{ Fritz7 }) 35. fxe6 (35. f6+ Kxf6 36. Rxd7 Rcc7 
{ and Black's isolated passed Pe6 is no worse than White's extra queen-side pawn }) (35. fxg6 Rg5 36. Kf4 Rxg6 37. g5 e5+ 
{ Does White have an advantage here? }) 35...dxe6 36. Rd8 Kf6
{ clearly taking aim at Pg4, though it's unlikely Pe6 would remain on the board if Pg4 is captured. Still, Pg6 is further away from the queen-side and that might make it a better weapon for Black. Also, if ...Kf6-g5xg4 then Black's king would've outflanked Ke4 and would have some advantage in the effort to support the advance of Pg6. }
37. Kf4 g5+ (37...e5+ 
{ I thought the pawn check could be good and Fritz showed is really isn't because White's rooks can hold Pg4 long enough to allow his offense to go through and Black's is stifled. It's not terribly obvious though. }
 38. Ke4 Kg5 39. R8d7 $1  (39. R8d6 Rg7 40. R3d5 Rcc7 41. Rxe5+ Kxg4)  39...Rcc7 40. Rxc7 Rxc7 41. Rd6 Re7  (41...Rg7 42. Kxe5 Kxg4 43. Kf6 Rg8 44. Kf7 Rc8 45. Rxg6+ $16 Kf5)  42. a5 bxa5 43. c5 Rb7 44. Kxe5 Rxb3 45. Rd4 $16 
{ Fritz7 }) (37...Rh7 38. Rf8+ Ke7 39. Ra8 Kf6 $11 
{ Fritz7 }) 38. Ke4 (38. Kg3 
{ Fritz7 thought this was the only move to keep the advantage, but after it's on the board Fritz7 still says 38...Re5 is equal; go figure! I guess it shows ...g5+ was in fact a good move; much better than I'd thought. }) 38...Re5+ 39. Kd4 Re1
{ This was good for Black's rook, but not so good for Kf6 which is a bit cornered. }
40. Rf3+ Kg7 41. Rff8 Rg1 42. Ke5 Rxg4 43. Kxe6 (43. Rg8+ Kh6 44. Rh8+ Rh7 45. Rxh7+ Kxh7 46. Rd7+ Kg6 47. Rxa7 Rg3 48. Rb7 Re3+ 49. Kd4 Rxb3 50. a5 Kf5 51. axb6 $16 
{ Fritz7 }) 43...Re4+ (43...Rf4 44. Rh8 Rf6+ 45. Ke5 Re7+ 46. Kd5 Rff7 
{ and Pg5 should be well supported by all the Black pieces, though White's king has improved his position for the advance of his queen-side pawns. It's still about equal. }) 44. Kd5 Rbe7
{ The Fritz7 evaluation shifts to the negative (meaning better for Black) for the first time since forever. }
45. Rg8+ Kh6
{ Here Fritz7 gives the evaluation as (0.00) for any of three moves White might try: Rh8+, Rd7 and Rd6+. }
46. Kc6 $15 R4e6+
{ Chasing Kc6 toward Pa7 can't be good. }
 (46...g4 
{ Fritz7 }) 47. Kb5 Rg6 48. b4 g4 49. c5 bxc5 50. bxc5 a6+ 51. Ka5 Ree6 $11 
{ according to Fritz7 }
52. Rxg6+ $16 
{also according to Fritz7; amazing isn't it?}
52...Kxg6 53. Rd6 Kf5 $1
{ I thought Polgar may have missed an opportunity here, but Fritz7 found a slightly better line for White and keeps the advantage. Essentially, both promote their passers and White's king is better placed (near Pa6) for the resulting Q+P ending. The question for Black is where her king belongs, far away or as close to a8 as possible. }
 (53...Rxd6 54. cxd6 Kf7 
{ preventing Pd6 from promoting without assistance from Ka5 and staying off the d8-h4 diagonal }
 55. Kb6  (55. Kxa6 $4 $19 Ke6 56. a5 g3 57. Kb7 Kxd6 58. a6 g2 59. a7 g1=Q 60. a8=Q Qb1+  61. Kc8 Qc2+   (61...Qc1+ 62. Kb7 Qb2+ 63. Kc8 Qc3+ 64. Kb7 Qb3+ 65. Kc8 Qc4+ 66. Kb7 Qb5+   67. Kc8    (67. Ka7 Kc7)    67...Qd7+ 68. Kb8 Qc7#)   62. Kb7 Qb3+ 63. Kc8 Qc4+ 64. Kb7 Qb5+ 65. Kc8 Qd7+ 66. Kb8 Qc7#)  55...Ke6  (55...g3 56. d7 g2 57. d8=Q g1=Q+ 58. Kxa6)  56. Kc7 g3 57. d7 g2 58. d8=Q g1=Q 59. Qd6+ Kf5 60. Kb7 a5 61. Ka6 Qe1 62. Qd5+ Kg4 63. Qxa5 
{ produces one of those torturous Q+P endings with about 100 moves to go before it's settled! }) 54. Rxe6 Kxe6 55. c6 Kd6 56. Kb6 g3 57. c7 g2 58. c8=Q g1=Q+ 59. Kxa6
{ This line is possibly better for Black than the longish note after Black's 53rd move because Black's king is very close to a8. Is this a theoretical win for White? I don't know, but rook pawns are the hardest to advance. Ideally the defending king should stand directly in front of the pawn or very far away to avoid cross-checks (where a queen trade is forced) . Perhaps in this case the awkward White king position makes it alright for Black's king to be close to a8. In the case of many queen trades Black's king just walks to a8 and says 'Draw!'. }
59...Qf1+ 60. Ka7 Qf2+ 61. Ka8 Qb6 62. Qc4 (62. Qb8+ Qxb8+ 63. Kxb8 Kc6 64. a5 Kb5 $11)  (62. Qf8+ Kc6 63. Qf6+ Kc7 64. Qe5+ Kc6 65. Qe6+ Kc7 $16 
{ according to Fritz7; again, amazing! }) 62...Qc6+ 63. Qxc6+ Kxc6
{ It was a stressful game I'm sure, but neither player got very far ahead of the other in terms of the position. }
1/2-1/2

[Event "GMA, Wijk aan Zee NED"]
[Site "?"]
[Date "2003.??.??"]
[Round "2"]
[White "Ponomariov,R"]
[Black "Kramnik,V"]
[Result "1-0"]
[WhiteElo "2730"]
[BlackElo "2805"]
[PlyCount "75"]
[Annotator "Hathaway"]

1. d4 Nf6 2. c4 e6
{ Black controls the center and pecks away at White's efforts. }
3. Nc3
{ This classical approach is aimed at supporting e2-e4, so that he will have three strong pawns (Pc4, Pd4, Pe4) with which to bludgeon Black. Naturally Black shouldn't allow this. }
3...Bb4
{ Nimzo-Indian Defense - very popular in this event }
4. e3
{ White recognizes the need for further piece development and begins a slow build-up. There is also the possibility of Ng1-e2 and a2-a3 to force Bb4 away, thus keeping Black cramped. }
 (
{ Avoiding doubled c-file pawns is very popular. }
 4. Qc2) 4...O-O
{ Another plan, the Hubner Variation, is to capture at c3, giving White doubled pawns, and then to play the Black central pawns onto dark squares, thereby replacing (to some extent) the missing dark-square bishop. Some players are reluctant to relinquish the bishop. }
5. Nge2
{ This Rubinstein Variation aims to force Bb4 to trade for Nc3 or to retreat. Trading gives White a small gain with no cost and the retreat leaves Black without sufficient central control. At least that's the Classical take on this position. I think the first part is right, but the second has to be taken with a grain of salt because Ne2 isn't very good and Bc1 is blocked-in behind Pe3. If Black plays ...d7-d5 or possibly even ...c7-c5 then he's probably alright. It doesn't take a lot of pawn moves to control the center. }
5...d5 6. a3
{ Curiously, this pawn appears to be a small prod to Bb4, but later it serves as a threat, inhibiting Black from playing ...b7-b5 because of the danger that Pc7 might be kept backward and weak after b2-b4. }
6...Be7
{ Now Black has a pawn controlling e4, so Ne2 is awkwardly blocking Bf1. On the other hand Bc8 is also blocked by another pawn on a light square. Both players have problems to solve. }
7. cxd5
{ This seems to me to be a little premature (it doesn't give Black an opportunity to try to solve his own development problems) and that after this Black isn't worse. }
 (7. b3)  (7. Nf4) 7...Nxd5 $6
{ Black can't be cramped by e3-e4 if he's trading off minor pieces! But, is he trading the knight? White will only trade on favorable terms, so perhaps ...exd5 is better. }
 (7...exd5 
{ Though White has the opportunity for a queen-side minority attack there is still a Nc3, blocking the c-file, so Black's easier development should compensate fully for the weaker Pc7. }) 8. Bd2 Nd7 (8...b6 $6 9. Nxd5 Qxd5 
{ when there are at least two good approaches: }
  (9...exd5 
{ and Black can still develop ...Bc8-e6, but c6 is weakened and b2-b4  is surely soon to clamp down on the open c-file })  10. Nf4 
{ preparing for Bd2-c3 and Bf1-d3 and king-side play }
  (10. Nc3 Qd7 11. Qf3 $5 
{ threatening Ra8, but aiming for king-side play }) ) 9. g3 $1 $14
{ He's still maintaing coordination of his pieces and maintaining all the options for his central pawns. This makes it difficult for Black to know how to develop or where to counter. White's position is very safe and yet has good offensive potential. }
9...b6 10. Nxd5 exd5 11. Bg2 Nf6 12. O-O
{ avoiding any King Safety problems after ...Bc8-a6 }
12...Ne4
{ I think he's rather trade this knight for Ne2 (should it go to c3) or Bg2, but White will avoid those trades. }
 (12...Bf5 
{ Mark and Fritz7 agree! }
 13. Rc1 Qd7 
{ and to some extent the backward weak Pc7 should be balanced by the inactive Bd2 }) 13. Rc1 Bb7 $2
{ Why play here when it's not forced and there's no White bishop which can exploit the weak light squares by Bb5 or Ba6? }
 (13...Bf5 
{ Mark and Fritz7 agree! }) 14. Qc2 Rc8 15. Rfd1
{ threatening Bg2-h3 }
15...Bd6 (15...Qd7 $2 16. Nf4 
{ and Bh3 is still threatened }) (15...a6 $11 
{ Fritz7 }) 16. Bb4 $5
{ neither player's dark-square bishop is very good, but Black's serves a defensive purpose, so White chooses to trade them. The curious part is that ...Bd6xb4 forces a3xb4 when it's not clear how good White's doubled b-file pawns might be. }
16...Qf6
{ This has the benefit of forcing White to move Ne2 (Bxe4 is terrible) and that allows Black to trade Ne4 for the White knight, rather than for Bb4. }
 (16...c5 $2 17. Bxe4 dxe4 18. dxc5 bxc5 19. Bxc5 Rxc5 20. Qxc5 Bxc5 21. Rxd8 Rxd8 22. Rxc5 $16)  (16...Bxb4 17. axb4 a6 $11 
{ Fritz7 }) 17. Nc3 Nxc3 18. Qxc3 c6 (18...c5 19. dxc5 Qxc3 20. Bxc3 
{ and Pd5 will fall }) 19. Bxd6 Qxd6
{ After this trade White's pieces are in attacking positions and Black's are defending. Pc6 is obviously weak, but White will need to provoke at least one more weakness (the Principle of Two Weaknesses) if he's to find a way to win. }
20. b4 Rc7 21. a4
{ Apparently he wants to open the a-file with a4-a5xb6 and then he can try to make Pb6 the target. }
21...Bc8 (21...Ba6 
{ aiming to block the c-file with ...Ba6-c4 and possibly ...b6-b5 }
 22. b5 Bb7 23. bxc6 
{ else Black gets in ...c6-c5 }
  (23. a5 $14 
{ Fritz7 }
 23...c5 24. a6 Bc8 25. dxc5 Rxc5 26. Qb2 $16  
{ when ...Rd8 or ...Be6 are equal in value })  23...Rxc6 24. Qb3 Rfc8 25. Rxc6  (25. Qb2 Ba6 $17)  25...Qxc6 $15) 22. a5 Ba6 (22...Bf5 $11 
{ Fritz7 }) 23. Ra1 (23. e4 Rfc8 $14 
{ Fritz7 }) 23...Bb5 (23...Bc4 $11 
{ Fritz7 }) 24. Rdc1
{ White has the a-file and still controls c5, but Black has gotten Bb5 to defend Pc6 and guard against Ra6. White probably has to trade-off Bb5 with Bg2-f1, thereby weakening a6, Pb6 and Pc6. }
24...Re8 25. axb6 axb6 26. Bf1 Bxf1 27. Kxf1 Rb8 28. Ra6 Qd7
{ Again Black has everything defended, so White has to force another trade, to remove perhaps Rb8. }
29. Kg1 h6 30. Qa3 Rcc8 31. h4 Qf5
{ Staying "active" this way isn't really beneficial since there is no weakness Black's queen could exploit by herself. }
 (31...Rc7 32. Ra1 Qe6 $11 
{ Fritz7 }) 32. Ra7 g5 $2
{ Should White trade-off Ph4 or advance it? Sometimes it's good to pose your opponent with even the smallest of questions (like this) as the game nears the time control. It seems hxg5 can be answered by ...Qxg5 and then ...h6-h5-h4 might well continue to threaten White's king. On the other hand h4-h5 isolates the pawn and might lose it. Technically it's possible both are good because weakening Kg8 can't be good without greater piece activity in that region to defend. }
 (32...Qe6 $11 
{ Fritz7 }) 33. h5 $5 (33. hxg5 hxg5 34. Re7 Ra8 35. Qb3 Qf3 $11 
{ Fritz7 }) 33...Qf3 (33...g4 34. Qa6 
{ and 34...Kh8, 34...Kg7 or 34...Qxh5 are all dead equal according to Fritz7 }) 34. Qd3 (34. Qa6 Qxh5 35. Rb7 Ra8 36. Qxb6 $14 
{ Fritz7 }) 34...Kh8 (34...Qxh5 35. Qf5 Qg6  (35...Kg7 $2 36. Rc7 Rxc7 37. Qe5+ Kg8 38. Qxc7 $16)  36. Qxg6+ fxg6 37. Rd7 
{ Mark and Fritz7 agree! }) 35. Qa6
{ threatening b4-b5 to smash the queen-side while Black has his queen terribly misplaced at f3 or h5 }
 (35. Rd7 $16 
{ Fritz7 }) 35...Kg7 $16 (35...Qxh5 36. Rb7 Ra8 37. Qxb6 $14 
{ Fritz7, though White's threats look awfully imposing to me. }) 36. b5 $18 c5 37. dxc5 bxc5 (37...Rxc5 38. Rxc5 bxc5 39. Qg6+ Kf8  (39...Kh8 $4 40. Rxf7 $18)  40. Qd6+ $18) 38. Qg6+
{ What I found interesting about the Fritz7 notes is that it continued to "believe" the position was equal or only slightly better for White, but when the White plan came to fruition it suddenly "saw" it was clearly or decisively to White's advantage. It's horizon effect was rather distinctly noticable. }
1-0

[Event "GMA, Wijk aan Zee NED"]
[Site "?"]
[Date "2003.??.??"]
[Round "2"]
[White "Timman,J"]
[Black "Grischuk,A"]
[Result "1/2"]
[WhiteElo "2590"]
[BlackElo "2710"]
[PlyCount "48"]

1.c4 Nf6 2.d4 e6 3.Nf3 b6 4.g3 Ba6 5.Qa4 c5 6.dxc5 Bxc5 7.Bg2 Bb7 8.O-O 
O-O 9.Nc3 Be7 10.Bf4 Na6 11.Rfd1 Nc5 12.Qc2 Qc8 13.Rd4 d5 14.cxd5 exd5 
15.R4d1 Nce4 16.Rac1 Bc5 17.Nd4 Re8 18.Nxe4 Nxe4 19.Qd3 Qd8 20.Qf3 a5 21.Be3 
Nd6 22.Bf4 Ne4 23.Be3 Nd6 24.Bf4 Ne4 1/2

[Event "GMA, Wijk aan Zee NED"]
[Site "?"]
[Date "2003.??.??"]
[Round "2"]
[White "Ivanchuk,V"]
[Black "Krasenkow,M"]
[Result "1/2"]
[WhiteElo "2695"]
[BlackElo "2630"]
[PlyCount "71"]

1.e4 e5 2.Nf3 Nc6 3.Bb5 a6 4.Ba4 Nf6 5.O-O Nxe4 6.d4 b5 7.Bb3 d5 8.dxe5 
Be6 9.Nbd2 Be7 10.c3 Qd7 11.Qe2 Nc5 12.Bc2 Bf5 13.Nb3 Bxc2 14.Qxc2 Ne6 
15.Be3 O-O 16.Rad1 f6 17.exf6 Rxf6 18.Qd3 Rd8 19.Rfe1 h6 20.Kh1 Bf8 21.Bd4 
Nf4 22.Qf1 Rf7 23.Be3 Ng6 24.Bc5 Rf6 25.Re3 Qf7 26.Rd2 Rf5 27.Nfd4 Nxd4 
28.cxd4 Bd6 29.Bxd6 cxd6 30.Nc1 b4 31.f3 Qc7 32.Re1 a5 33.Ne2 Rf7 34.Rc1 
Qb7 35.Qf2 Re8 36.Ng1 1/2

[Event "GMA, Wijk aan Zee NED"]
[Site "?"]
[Date "2003.??.??"]
[Round "2"]
[White "Karpov,An"]
[Black "Shirov,A"]
[Result "1/2"]
[WhiteElo "2685"]
[BlackElo "2720"]
[PlyCount "99"]

1.d4 d5 2.c4 dxc4 3.e4 Nf6 4.e5 Nd5 5.Bxc4 Nb6 6.Bd3 Nc6 7.Be3 Nb4 8.Be4 
f5 9.exf6 exf6 10.Nc3 f5 11.Bf3 N4d5 12.Bd2 Be6 13.Nh3 Be7 14.O-O O-O 15.Re1 
Bf7 16.Nxd5 Nxd5 17.Qc2 Qd7 18.Ng5 Bf6 19.Nxf7 Rxf7 20.Qb3 c6 21.Rad1 Rd8 
22.Ba5 Rdf8 23.h3 Kh8 24.Bd2 Rd8 25.Bxd5 Qxd5 26.Qxd5 cxd5 27.Bf4 g6 28.Be5 
Bxe5 29.Rxe5 Rc7 30.Rd2 Kg7 31.g4 Kf6 32.Kg2 Rc4 33.f4 Rd7 34.Kg3 a5 35.Kh4 
a4 36.a3 b5 37.gxf5 gxf5 38.Kh5 b4 39.axb4 Rxb4 40.Re8 Rb3 41.Rf8+ Rf7 
42.Rxf7+ Kxf7 43.Kg5 Rxh3 44.Kxf5 Rh5+ 45.Kg4 Rh1 46.Kf5 Rh5+ 47.Kg4 Rh1 
48.Rc2 Rd1 49.Rc7+ Kg8 50.Rc8+ 1/2